Swami Vevekananda in contemporary indian news (1893-1902): (Record no. 153896)

MARC details
000 -LEADER
fixed length control field 00653nam a22001937a 4500
005 - DATE AND TIME OF LATEST TRANSACTION
control field 20180712135739.0
010 ## - LCCN (DPL NO)
LC control number ENG-123455
020 ## - INTERNATIONAL STANDARD BOOK NUMBER
International Standard Book Number 8187332522 vol. II
Terms of availability 500.00
035 ## - SYSTEM CONTROL NUMBER
System control number EN-106987
037 ## - SOURCE OF ACQUISITION
Source of stock number/acquisition DBAD/PUB
082 ## - DEWEY DECIMAL CLASSIFICATION NUMBER
Classification number 181.46
100 ## - MAIN ENTRY--PERSONAL NAME
Personal name Basu, Sankari Prasad
245 ## - TITLE STATEMENT
Title Swami Vevekananda in contemporary indian news (1893-1902):
Statement of responsibility, etc by Sankari Prasad Basu
Remainder of title with sri ramakrishna and the mission /
250 ## - EDITION STATEMENT
Edition statement vol.II
260 ## - PUBLICATION, DISTRIBUTION, ETC. (IMPRINT)
Place of publication, distribution, etc Kolkata
Name of publisher, distributor, etc The Ramakrishna Mission Institute of Culture
Date of publication, distribution, etc 2017
270 ## - ADDRESS
Address Gol Park
City Kolkata
Postal code 700029
300 ## - PHYSICAL DESCRIPTION
Extent xxxxiv,877p.:
Dimensions 23cm(Hb)
Other physical details ill.
942 ## - ADDED ENTRY ELEMENTS (KOHA)
Source of classification or shelving scheme Dewey Decimal Classification
Item type English Books
Classification part 181.46
Call number suffix BAS
Holdings
Withdrawn status Lost status Not for loan Collection code Home library Current library Date acquired Source of acquisition Cost, normal purchase price Full call number Barcode Copy number Cost, replacement price Koha item type
    Not For Loan Non-fiction D.B.Act.Division Bawana 12/07/2018 DBAD/PUB 500.00 181.46 BAS EN-106987 1 500.00 English Books

© Delhi Public Library
Hit Counter
free hit counter